Rozpoznaj utwór Kultu po jednym wersie - Statystyki

Ogólne statystyki
  • Ten quiz został rozwiązany 112 razy
  • Średni wynik to 10 z 15
Statystyki odpowiedzi
Treść wersu Nazwa utworu % Poprawnych
"Mój dom murem podzielony" Arahja
96%
"Bo im tylko o to chodzi, abyś sam sobie szkodził" Wódka
85%
"Byle zagnać do swego bagna, ale wara wam!" Baranek
81%
"Poznaje się tych albo owych i mamy troszeczkę kataru" Gdy nie ma dzieci
81%
"Tłum przystawia komuś do twarzy pięści" Polska
81%
"Na granicy między bożnicami zebrała się rada rozumnych" Brooklyńska rada Żydów
79%
"Obejrzyjcie swe dłonie i twarze" Krew Boga
75%
"Widziałem jeździli po sobie czołgami" Hej, czy nie wiecie
69%
"Maszerujmy ramie w ramie" Po co wolność
66%
"Chce Ci powiedzieć jak bardzo Cię cenię" Lewe lewe loff
60%
"Sikory złote pod mankietem odmierzają sekund bieg" Celina
57%
"Czy przyjdzie ktoś od Ciebie, czy przyjdziesz Ty" Do Ani
46%
"Znowu dziś widzę zachód słońca" Komu bije dzwon
40%
"Policja mnie spisuje" Madryt
40%
"Ja widziałem, tak wielu trzymało się za ręce" Piosenka młodych wioślarzy
38%
Nie znaleziono quizów pasujących do podanych kryteriów
Rozkład punktacji
Procent ludzi z każdym wynikiem
Percentyl według liczby udzielonych odpowiedzi
Twoja historia wyników
Nie rozwiązałeś tego quizu